|
|
|
|
| LEADER |
00967nam a22002537a 4500 |
| 001 |
41203 |
| 003 |
BD-DhAAL |
| 008 |
230516t2009 ko ||||| |||| 00| 0 kor d |
| 020 |
|
|
|a 9788992822336
|
| 020 |
|
|
|a 8992822332
|
| 040 |
|
|
|a BD-DhAAL
|c BD-DhAAL
|
| 082 |
|
|
|a 658.4012
|2 23
|
| 100 |
|
|
|a Kyung Tae, Go.
|9 54241
|
| 245 |
|
|
|a (Overcoming Global Crisis) Strategic Management Manual 50 /
|c Go Kyung Tae.
|
| 260 |
|
|
|a Seoul :
|b EZ Publishing,
|c 2009.
|
| 300 |
|
|
|a 246 pages ;
|c 22 cm.
|
| 541 |
|
|
|a Complimentary copy from Dr. Sang Hoon Lee, Dean of Brac Business School, Brac University
|e 41203
|
| 650 |
|
|
|a Strategy.
|
| 650 |
|
|
|a Management.
|
| 650 |
|
|
|a Strategic management.
|9 54242
|
| 852 |
|
|
|a Ayesha Abed Library
|c General Stacks
|
| 942 |
|
|
|2 ddc
|c BK
|
| 999 |
|
|
|c 45761
|d 45761
|
| 952 |
|
|
|0 0
|1 0
|2 ddc
|4 0
|6 658_401200000000000_KYU
|7 0
|9 73639
|a BRACUL
|b BRACUL
|c GEN
|d 2023-05-16
|e Complimentary copy from Dr. Sang Hoon Lee
|l 0
|o 658.4012 KYU
|p 3010041203
|r 2023-05-16
|t 1
|w 2023-05-16
|y BK
|